| 000 | 00746nam a22001937a 4500 | ||
|---|---|---|---|
| 003 | NUST-PNEC | ||
| 005 | 20170116180720.0 | ||
| 008 | 141024b xxu||||| |||| 00| 0 eng d | ||
| 020 | _a8178900432 | ||
| 040 | _cPNEC | ||
| 082 | _a004.6780 WAL | ||
| 100 |
_9813 _aWalter M |
||
| 245 |
_aEncyclopaedia of internet and web, Volume-2 (F-M) _cM Walter |
||
| 260 |
_aDelhi : _bIVY Publishing House, _cc.2002. |
||
| 300 |
_a3 v, 514p. : _c22 cm. |
||
| 500 | _ahttps://www.worldcat.org/title/encyclopaedia-of-internet-and-web/oclc/225739087&referer=brief_results http://www.amazon.com/Encyclopaedia-of-internet-and-Web/dp/8178900432/ref=sr_1_1?s=books&ie=UTF8&qid=1414154870&sr=1-1&keywords=8178900432 | ||
| 650 | _vEncyclopaedia | ||
| 942 |
_2ddc _cBK |
||
| 999 |
_c61336 _d61336 |
||